Mullas Principles of Mohomedan Law (Record no. 20030)

MARC details
000 -LEADER
fixed length control field 00350nam a22001457a 4500
008 - FIXED-LENGTH DATA ELEMENTS--GENERAL INFORMATION
fixed length control field 230523b |||||||| |||| 00| 0 eng d
020 ## - INTERNATIONAL STANDARD BOOK NUMBER
ISBN 9789391211264
100 ## - MAIN ENTRY--AUTHOR NAME
Personal name D. F. Mulla
245 ## - TITLE STATEMENT
Title Mullas Principles of Mohomedan Law
250 ## - EDITION STATEMENT
Edition statement 23rd Ed.
260 ## - PUBLICATION, DISTRIBUTION, ETC. (IMPRINT)
Place of publication Haryana
Name of publisher LN Pub.
Year of publication 2022
300 ## - PHYSICAL DESCRIPTION
Number of Pages 872
546 ## - LANGUAGE NOTE
Language note English
942 ## - ADDED ENTRY ELEMENTS (KOHA)
Source of classification or shelving scheme Dewey Decimal Classification
Koha item type Books
Holdings
Accession Number Cost, normal purchase price Bill Date Source of acquisition Price effective from Koha item type Withdrawn / writtenoff status Damaged status Not for loan Permanent Location Current Location Shelving location Date acquired Lost/ Missing status department
LLB 569 1495.00 11-05-2023 L N ,Publishing ,Haryana 05/23/2023 Books       MIET Library, Jammu MIET Library, Jammu 176/2 05/15/2023   BBA LLB
LLB 570 1495.00 11-05-2023 L N ,Publishing ,Haryana 05/23/2023 Books       MIET Library, Jammu MIET Library, Jammu 176/2 05/15/2023   BBA LLB
LLB 571 1495.00 11-05-2023 L N ,Publishing ,Haryana 05/23/2023 Books       MIET Library, Jammu MIET Library, Jammu 176/2 05/15/2023   BBA LLB
LLB 572 1495.00 11-05-2023 L N ,Publishing ,Haryana 05/23/2023 Books       MIET Library, Jammu MIET Library, Jammu 176/2 05/15/2023   BBA LLB
LLB 573 1495.00 11-05-2023 L N ,Publishing ,Haryana 05/23/2023 Books       MIET Library, Jammu MIET Library, Jammu 176/2 05/15/2023   BBA LLB
LLb 895 1495.00 24-5-2023 ABD Jammu. 05/30/2023 Books       MIET Library, Jammu MIET Library, Jammu 176/2 05/26/2023   BBA LLB
LLb 896 1495.00 24-5-2023 ABD Jammu. 05/30/2023 Books       MIET Library, Jammu MIET Library, Jammu 176/2 05/26/2023   BBA LLB
LLb 897 1495.00 24-5-2023 ABD Jammu. 05/30/2023 Books       MIET Library, Jammu MIET Library, Jammu 176/2 05/26/2023   BBA LLB
LLb 898 1495.00 24-5-2023 ABD Jammu. 05/30/2023 Books       MIET Library, Jammu MIET Library, Jammu 176/2 05/26/2023   BBA LLB
LLb 899 1495.00 24-5-2023 ABD Jammu. 05/30/2023 Books       MIET Library, Jammu MIET Library, Jammu 176/2 05/26/2023   BBA LLB